01497nam a22002057a 4500003000900000008004100009040007100050082006100121110005500182245008400237260004300321300002900364440006500393505070500458650001701163650002301180650001501203650001801218710005501236AR-CdUCM190425b ||||| |||| 00| 0 spa d aMUNICIPALIDAD PROVINCIAL DEL CUSCOcBIBLIOTECA MUNICIPAL DEL CUSCO aRev.Univ/N°67/1934bRev.Univ/N°67/19342diciembre 1934 aUniversidad Nacional de San Antonio Abad del Cusco aRevista Universitaria :bÓrgano de la Universidad del Cuzco fundada en 1692 / aCusco :bH. G. Rozas,cdiciembre 1934. a267 páginas. :c20 cm. aRevista UniversitarianAño XXIII, 2° semestre 1934, N°67 aContenido: El poderoso Camante transcripción de unas crónicas de Luis María Robledo. -- Choqque Kkirau. E.C. -- Obras de ingeniería en el Cuzco. Emiliano López Saa. -- Aspecto literario de la ideografía quechua. Rebeca Fernández B. de Merel. -- Cuestiones indígenas. Sistema de arrendamiento de terrenos de cultivo en el departamento de Cuzco y el problema de la distribución. Francisco Ponde de León. -- El problema de Yanaconazgo en el república peruana. Federico Uranga. -- Análisis e un depósito encontrado en Ollantaytambo. Leónidas Hurtado Povea. -- La relatividad del crecimiento orgánico. Victor Pilares Polo. -- La primitica y moderna teoría de los Quanta. .. aChoquequirao aLiteratura quechua aYanacocaje aOllantaytambo aUniversidad Nacional de San Antonio Abad del Cusco